000 01066 a2200265 4500
003 Nust
005 20230620134015.0
010 _a 92017067
020 _a0205134785
040 _cNust
082 0 0 _a519.5,NET
100 1 _aNeter, John.
_9113163
245 1 0 _aApplied statistics /
_cJohn Neter, William Wasserman, G.A. Whitmore.
250 _a4th ed.
260 _aEnglewood Cliffs, N.J. :
_bPrentice Hall,
_c1993.
300 _axvii, 989 p. :
_bill. ;
_c26 cm.
505 _aData (Page-6),Probability (Page-75), Sampling and Sampling Distributions (Page-176), Estimation and Testing-I (Page-227), Estimation and Testing-II (Page-360), Linear Statistical Models (Page-434), Bayesian Decision Making (Page-550), Time Series Analysis and Index Numbers (Page-604).
650 0 _aEconomics
_xStatistical methods.
_9124
650 0 _aManagement
_xStatistical methods.
_934581
650 0 _aSocial sciences
_xStatistical methods.
650 0 _aStatistics.
_969
700 1 _aWasserman, William.
_9113164
700 1 _aWhitmore, G. A.
_9113165
942 _2ddc
_cBK
999 _c184775
_d184775